Forms of the Same Name: S Quiz Stats

 Plays Quiz not verified by Sporcle

Challenge
Share
Tweet
Score 0/10 Timer 05:00
0 Plays Today
% Correct
Sebastian
99.4%
Sylvester
99%
Sophia
98.7%
Simon
98.5%
Susan
98.4%
Sarah
98.1%
Samuel
98.1%
Saul
98.1%
Solomon
97.9%
Steven
97.2%

You're not logged in!

Compare scores with friends on all Sporcle quizzes.
Join for Free
OR
Log In

You Might Also Like...

Show Comments

Extras

Top Quizzes Today


Score Distribution

Your Account Isn't Verified!

In order to create a playlist on Sporcle, you need to verify the email address you used during registration. Go to your Sporcle Settings to finish the process.

Report this User

Report this user for behavior that violates our Community Guidelines.

Details: